000
00297nam a22001337a 4500
008
181008b xxu||||| |||| 00| 0 eng d
020
_a
9780030973697
041
_a
eng
080
_a
575
100
_a
5
101
_a
BIO
245
_a
Principles of Biochemistry
_c
Garrett,R.H
942
_2
udc
_c
BK
999
_c
49047
_d
49047